Statistiques concernant Paroles Générique Pokémon Saison 11 (DP Battle Dimension)

Cliquez ici pour prendre le quiz!

Statistiques générales

  • Ce quiz a été pris 47 fois
  • Le résultat moyen est 9 sur 14

Statistiques - réponses

Réponse% Correct
Pokémon !
91%
Battle Dimension
67%
jamais seul,
64%
Nous serons les héros,
64%
Nous serons les héros !
64%
sur les routes,
64%
C'est mon choix de vie !
61%
L'amitié gagnera la bataille !
61%
Loin de tout,
61%
tu t'en doutes.
61%
unis face aux défis.
58%
Braves et forts,
55%
je te suivrai, où que tu ailles !
55%
Vois ce monde nouveau,
52%

Distribution des résultats

Percentile par nombre de réponses

% des personnes avec chaque résultat

Votre développement - résultats

Vous n’avez pas pris ce quiz